Advance in space science and technology (Record no. 2549)

MARC details
000 -LEADER
fixed length control field 00575nam a2200193Ia 4500
003 - CONTROL NUMBER IDENTIFIER
control field IN-BaIIA
005 - DATE AND TIME OF LATEST TRANSACTION
control field 20250709141618.0
008 - FIXED-LENGTH DATA ELEMENTS--GENERAL INFORMATION
fixed length control field 211028s9999 xx 000 0 eng d
040 ## - CATALOGING SOURCE
Transcribing agency IIA Library
080 ## - UNIVERSAL DECIMAL CLASSIFICATION NUMBER
Universal Decimal Classification number 629.19(047.1)
Item number ASS-S1
100 ## - MAIN ENTRY--PERSONAL NAME
Personal name Lange, H. Oswald
9 (RLIN) 4539
245 #0 - TITLE STATEMENT
Title Advance in space science and technology
Remainder of title vol. 7, (suppl. 1)
Statement of responsibility, etc. Oswald H. Lange and Richard J. Stein
260 ## - PUBLICATION, DISTRIBUTION, ETC.
Place of publication, distribution, etc. New York
Name of publisher, distributor, etc. Academic Press
Date of publication, distribution, etc. 1963
300 ## - PHYSICAL DESCRIPTION
Extent viii, 317p.
650 ## - SUBJECT ADDED ENTRY--TOPICAL TERM
Topical term or geographic name entry element NASA Thesaurus
650 ## - SUBJECT ADDED ENTRY--TOPICAL TERM
Topical term or geographic name entry element Space Science
700 ## - ADDED ENTRY--PERSONAL NAME
Personal name Stein, J. Richard
9 (RLIN) 4540
942 ## - ADDED ENTRY ELEMENTS (KOHA)
Koha item type Books
Source of classification or shelving scheme Dewey Decimal Classification
Holdings
Withdrawn status Lost status Source of classification or shelving scheme Damaged status Not for loan Home library Current library Shelving location Date acquired Cost, normal purchase price Total Checkouts Full call number Barcode Date last seen Cost, replacement price Price effective from Koha item type Purchase Price
    Dewey Decimal Classification     IIA Library-Bangalore IIA Library-Kodaikanal General Stacks 28/03/1966 54.00   629.19(047.1)/ ASS-S1 2849 05/11/2021 54.00 28/03/1966 Books Rs. 54.00

Powered by Koha